000 00688nam a2200181 4500
999 _c16320
_d16320
008 211118b ||||| |||| 00| 0 eng d
022 _a0732-8435
082 _aDPer 657.05 C33 Apr - Sept 2016, v86 n4-9
100 _aGabbin, Alexander L.
_943710
245 _aPost-public accounting careers:
_bhow retiring CPAs can become college instructors/
_cAlexander L. Gabbin and Espey T. Browning.
260 _aNew York:
_bThe New York State Society of CPA,
_c©2016.
300 _av86 n8, pages 38-43:
_billustrations;
_c28 cm.
500 _aThe CPA Journal
650 _aAccounting.
_943711
650 _aAccountants.
_942729
700 _aBrowning, E. T.
_eAuthor.
_943712
942 _2ddc
_cPER